The Perfect Appraisal All you need to get it right first time (Record no. 173004)

MARC details
000 -LEADER
fixed length control field 00489nam a2200193Ia 4500
008 - FIXED-LENGTH DATA ELEMENTS--GENERAL INFORMATION
fixed length control field 240823s9999||||xx |||||||||||||| ||und||
020 ## - INTERNATIONAL STANDARD BOOK NUMBER
International Standard Book Number 0-09-940626-8
082 ## - DEWEY DECIMAL CLASSIFICATION NUMBER
-- 333.332 N9
100 ## - MAIN ENTRY--PERSONAL NAME
Personal name Hudson Howard
245 #4 - TITLE STATEMENT
Title The Perfect Appraisal All you need to get it right first time
250 ## - EDITION STATEMENT
Edition statement 1st
260 ## - PUBLICATION, DISTRIBUTION, ETC. (IMPRINT)
Date of publication, distribution, etc 1999
Name of publisher, distributor, etc Random
500 ## - GENERAL NOTE
General note TRANSFERED
650 ## - SUBJECT ADDED ENTRY--TOPICAL TERM
Topical term or geographic name as entry element Appraisal
942 ## - ADDED ENTRY ELEMENTS (KOHA)
Item type Books
Holdings
Withdrawn status Lost status Damaged status Permanent location Current location Shelving location Date acquired Source of acquisition Cost, normal purchase price Full call number Barcode Date last seen Koha item type
      CENTRAL LIBRARY, NOORUL ISLAM CENTRE FOR HIGHER EDUCATION CENTRAL LIBRARY, NOORUL ISLAM CENTRE FOR HIGHER EDUCATION Management Studies 07/01/2005 Velavan Book Centre 95.00 333.332 N9 26970 08/23/2024 Books
Visitors:
Copyright © 2024 Central Library NICHE.  All rights reserved.